Teatro para niños
Sparad:
| Huvudupphovsmän: | , |
|---|---|
| Materialtyp: | Bok |
| Språk: | spanska |
| Publicerad: |
Buenos Aires
Kapelusz
1946
|
| Ämnen: | |
| Taggar: |
Lägg till en tagg
Inga taggar, Lägg till första taggen!
|
MARC
| LEADER | 00000nam a2200000 a 4500 | ||
|---|---|---|---|
| 001 | UCY9351 | ||
| 003 | CL-VaPUC | ||
| 008 | 950717e19460000AG |||||||||||||||||spa|d | ||
| 082 | 0 | 4 | |a 792.022 |b PON |2 21 |
| 100 | 0 | |a Pongetti, Enrique |e author |9 341452 | |
| 700 | 0 | |a Camargo, Joracy |e author |9 341453 | |
| 245 | 1 | 0 | |a Teatro para niños |
| 300 | |a 156 p | ||
| 942 | |c BK | ||
| 945 | |d 19950717 00:00:00 |a mfernand | ||
| 260 | |a Buenos Aires |b Kapelusz |c 1946 | ||
| 650 | 0 | |a Teatro escolar |9 307647 | |
| 650 | 7 | |a DRAMATIZACION |2 CL-VaPUC |9 340036 | |
| 650 | 0 | |a Comedia |9 341454 | |
| 650 | 7 | |a OBRAS DE TEATRO |2 CL-VaPUC |9 341455 | |
| 583 | |a last modification |c 20170406 12:48:56 |k Rodrigo Vera | ||
| 999 | |c 236462 |d 236460 | ||
| 952 | |0 0 |1 0 |4 0 |6 792_022000000000000_PON_1946 |7 0 |8 P |9 244560 |a BIBEDU |b BIBEDU |c BIBEDU_PB |d 2019-11-18 |i 1533258 |o 792.022 PON 1946 |p 1533258 |r 2024-01-25 |w 2019-11-18 |y BK |k EDU | ||
| 952 | |0 0 |1 0 |4 0 |6 792_022000000000000_PON_1946 |7 0 |8 P |9 244561 |a BIBEDU |b BIBEDU |c BIBEDU_PB |d 2019-11-18 |i 1533266 |o 792.022 PON 1946 |p 1533266 |r 2024-01-25 |w 2019-11-18 |y BK |k EDU | ||